00278nam a2200097 a 4500008004100000050001500041245003600056260006300092300001600155350000900171120416nuuuuuuuu||||||||||||||||| || u aHC 915 Zam00aZambia's plan at work 1966-1970 aLusakabOffice of National Development PlanningcCambridge a70p. : ill. a0.00